| 000 | | | 04332nmc2a2200000 x 450 |
| 001 | | | 684b4f69-0210-4a2b-b2a5-5488f71738d3 |
| 005 | | | 20170426033746.0 |
| 100 | ## | $a | 20141013l18471850k l0rusy0189 ca |
| 101 | 0# | $a | rus |
| 102 | ## | $a | RU |
| 200 | 1# | $a | Дело о назначении члена правления римско-католической Духовной академии А. Каминского членом Совета народного просвещения Царства Польского |
| | $j | 30 августа 1847 г. - 3 мая 1850 г. |
| 251 | ## | $c | Дело |
| 300 | ## | $a | Дело |
| 300 | ## | $a | Ориг. заголовок дела: Дело об определении члена Духовной академии с гражданской стороны Каминского членом Совета народного просвещения в Царстве Польском. Здесь же и о смерти его. 30 августа 1847 г. - 3 мая 1850 г |
| 801 | #0 | $a | RU |
| | $b | РГИА |
| | $c | 20141013 |
| | $g | RCR |
| 801 | #1 | $a | RU |
| | $b | ГлавНИВЦ |
| | $c | 20141013 |
| | $2 | rusmarc |
| 801 | #2 | $a | RU |
| | $b | ПБ им. Б.Н. Ельцина |
| | $c | 20170426 |
| | $g | RCR |
| | $2 | rusmarc |
| 850 | ## | $a | РГИА |
| 852 | ## | $a | РГИА |
| | $e | Федеральное казенное учреждение "Российский государственный исторический архив" (РГИА) |
| | $j | 221 |
| 937 | ## | $h | РГИА |
| | $d | 11184614 |
| | $a | ASBIBLIO_SCAN |
| 462 | #0 | $1 | 0015a39e5d3-dc69-4a86-ab96-9d2e08e41784 |
| | $1 | 2001 |
| | $a | Дела Департамента народного просвещения по Варшавскому учебному округу |
| | $1 | 251 |
| | $c | Опись |
| | $1 | 852 |
| | $j | 77 |
| 461 | #0 | $1 | 001a74412a3-3cc5-4d21-8f0a-dfe2fbd9e72d |
| | $1 | 2001 |
| | $a | Департамент народного просвещения Министерства народного просвещения (1803-1917) |
| | $1 | 251 |
| | $c | Фонд |
| | $1 | 852 |
| | $j | 733 |
| 215 | ## | $a | 14 л. |
| | $d | 36,5х26 см |
| 371 | ## | $a | Документ не является опубликованным и широко распространяемым |
| 105 | ## | $a | y### |
| 122 | 2# | $a | d |
| 517 | 1# | $a | Дело об определении члена Духовной академии с гражданской стороны Каминского членом совета народного просвещения в Царстве Польском. Здесь же и о смерти его. 30 августа 1847 г. - 3 мая 1850 г |
| 035 | ## | $a | 684b4f69-0210-4a2b-b2a5-5488f71738d3 |
| 856 | ## | $u | http://readingroom.main.prlib.ru/item.aspx?id_node=n97681018&mode=full |